000
00303nam a22001337a 4500
999
_c
8767
_d
8767
003
OSt
005
20191107115013.0
008
191107b ||||| |||| 00| 0 eng d
040
_c
DDC
082
_a
261.83
100
_a
Stott, John R. W.
245
_a
New issues facing Christians today
942
_2
ddc
_c
BK